غواية التراث / (رقم التسجيلة. 97878)
[ عرض عادي ]
| 000 -LEADER | |
|---|---|
| fixed length control field | 00565nam a22001937a 4500 |
| 005 - DATE AND TIME OF LATEST TRANSACTION | |
| control field | 20251108173158.0 |
| 008 - FIXED-LENGTH DATA ELEMENTS--GENERAL INFORMATION | |
| fixed length control field | 250721s2005 xx 000 0 ara d |
| 082 14 - DEWEY DECIMAL CLASSIFICATION NUMBER | |
| Classification number | 814.009/عصف |
| 100 1# - MAIN ENTRY--PERSONAL NAME | |
| Personal name | عصفور، جابر |
| 245 10 - TITLE STATEMENT | |
| Title | غواية التراث / |
| 264 1# - PRODUCTION, PUBLICATION, DISTRIBUTION, MANUFACTURE, AND COPYRIGHT NOTICE | |
| Place of production, publication, distribution, manufacture | الصفاة : |
| Name of producer, publisher, distributor, manufacturer | وزارةالإعلام - مجلة العربي، |
| Date of production, publication, distribution, manufacture, or copyright notice | 2005. |
| 300 ## - PHYSICAL DESCRIPTION | |
| Extent | 224 ص. |
| 490 0# - SERIES STATEMENT | |
| Series statement | كتاب العربي |
| Volume/sequential designation | 62 |
| 650 17 - SUBJECT ADDED ENTRY--TOPICAL TERM | |
| Topical term or geographic name as entry element | النقد الأدبي |
| 650 17 - SUBJECT ADDED ENTRY--TOPICAL TERM | |
| Topical term or geographic name as entry element | المقالات |
| 650 17 - SUBJECT ADDED ENTRY--TOPICAL TERM | |
| Topical term or geographic name as entry element | الأدب العربي |
| 942 ## - ADDED ENTRY ELEMENTS (KOHA) | |
| Source of classification or shelving scheme | Dewey Decimal Classification |
| Koha item type | كتب |
| حالة السحب | حالة الفقدان | مصدر التصنيف | حالة التلف | غير قابل للإعارة | المكتبة الرئيسية | المكتبة الحالية | موقع الرف | تاريخ التزويد | الرقم المتسلسل | Total Checkouts | رقم الإستدعاء | الباركود | تاريخ آخر ظهور | تاريخ الفاتورة | نوع المادة (كوها) |
|---|---|---|---|---|---|---|---|---|---|---|---|---|---|---|---|
| Dewey Decimal Classification | المكتبة المركزية | المكتبة المركزية | الإعارة | 28/07/2025 | 1002067 | 814.009/عصف | 1002067 | 28/07/2025 | 28/07/2025 | كتب | |||||
| Dewey Decimal Classification | Not For Loan | المكتبة المركزية | المكتبة المركزية | مقتنيات قسم التزويد | 28/07/2025 | 1002068 | 814.009/عصف | 1002068 | 28/07/2025 | 28/07/2025 | كتب | ||||
| Dewey Decimal Classification | Not For Loan | المكتبة المركزية | المكتبة المركزية | مقتنيات قسم التزويد | 28/07/2025 | 1002069 | 814.009/عصف | 1002069 | 28/07/2025 | 28/07/2025 | كتب | ||||
| Dewey Decimal Classification | مكتبة أبو علندا العامة | مكتبة أبو علندا العامة | الإعارة | 28/07/2025 | 1002078 | 814.009/عصف | 1002078 | 28/07/2025 | 28/07/2025 | كتب | |||||
| Dewey Decimal Classification | مكتبة الأميرة ايمان العامة | مكتبة الأميرة ايمان العامة | الإعارة | 28/07/2025 | 1002070 | 814.009/عصف | 1002070 | 28/07/2025 | 28/07/2025 | كتب | |||||
| Dewey Decimal Classification | مكتبة الاميرة بديعة | مكتبة الاميرة بديعة | الإعارة | 28/07/2025 | 1002073 | 814.009/عصف | 1002073 | 28/07/2025 | 28/07/2025 | كتب | |||||
| Dewey Decimal Classification | مكتبة الجويدة | مكتبة الجويدة | الإعارة | 28/07/2025 | 1002074 | 814.009/عصف | 1002074 | 28/07/2025 | 28/07/2025 | كتب | |||||
| Dewey Decimal Classification | مكتبة الحسن العامة | مكتبة الحسن العامة | الإعارة | 28/07/2025 | 1002075 | 814.009/عصف | 1002075 | 28/07/2025 | 28/07/2025 | كتب | |||||
| Dewey Decimal Classification | مكتبة حمزة العامة | مكتبة حمزة العامة | الإعارة | 28/07/2025 | 1002076 | 814.009/عصف | 1002076 | 28/07/2025 | 28/07/2025 | كتب | |||||
| Dewey Decimal Classification | مكتبة صويلح العامة | مكتبة صويلح العامة | الإعارة | 28/07/2025 | 1002071 | 814.009/عصف | 1002071 | 28/07/2025 | 28/07/2025 | كتب | |||||
| Dewey Decimal Classification | مكتبة وادي السير العامة | مكتبة وادي السير العامة | الإعارة | 28/07/2025 | 1002079 | 814.009/عصف | 1002079 | 28/07/2025 | 28/07/2025 | كتب |